Métodos de econometría (Registro nro. 4259)

Detalles MARC
000 -LEADER
fixed length control field 01234 a2200241 4500
001 - CONTROL NUMBER
control field 46966
005 - DATE AND TIME OF LATEST TRANSACTION
control field 20260407155739.0
008 - FIXED-LENGTH DATA ELEMENTS--GENERAL INFORMATION
fixed length control field 260407a1984 arg spa d
003 - CONTROL NUMBER IDENTIFIER
control field AR-UNSa-BCEJYS
040 ## - CATALOGING SOURCE
Original cataloging agency AR-UNSa-BCEJYS
Language of cataloging spa
Transcribing agency AR-UNSa-BCEJYS
080 ## - UNIVERSAL DECIMAL CLASSIFICATION NUMBER
Universal Decimal Classification number 330.43
Common auxiliary subdivision Econometría
020 ## - INTERNATIONAL STANDARD BOOK NUMBER
International Standard Book Number 84-316-2520-1
100 1# - MAIN ENTRY--PERSONAL NAME
Personal name Sánchez Fernández, Jesús
245 10 - TITLE STATEMENT
Title Métodos de econometría
250 ## - EDITION STATEMENT
Edition statement 2a. reimp.
264 #1 - PRODUCTION, PUBLICATION, DISTRIBUTION, MANUFACTURE, AND COPYRIGHT NOTICE
Place of production, publication, distribution, manufacture Barcelona :
Name of producer, publisher, distributor, manufacturer Vicens-Vives
Date of production, publication, distribution, manufacture, or copyright notice 1984
300 ## - PHYSICAL DESCRIPTION
Extent 686 p.
Dimensions 23 cm.
505 ## - FORMATTED CONTENTS NOTE
Formatted contents note 1. La naturaleza de la econometría - 2. El modelo lineal de dos variables - 3. Ampliaciones del modelo lineal de dos variables - 4. Elementos de álgebra matricial - 5. El modelo lineal de K variables - 6. Otros tópicos del modelo lineal de K variables - 7. Estimadores máximo-verosímiles y distribuciones asintóticas - 8. Mínimos cuadrados generalizados - 9. Variables retardadas - 10. Otros temas variados - 11. Sistemas de ecuaciones simultáneas - 12. Econometría en la práctica: problemas y perspectivas.
590 ## - LOCAL NOTE (RLIN)
Local note niveau_biblio:m niveau_hierar:0
700 1# - ADDED ENTRY--PERSONAL NAME
Personal name Johnston, Jack
856 41 - ELECTRONIC LOCATION AND ACCESS
Uniform Resource Identifier <a href="https://www.biblioeco.unsa.edu.ar/pmb/images/libros/L127358.jpg">https://www.biblioeco.unsa.edu.ar/pmb/images/libros/L127358.jpg</a>
Link text Imagen de portada
Electronic format type image/jpeg
942 ## - ADDED ENTRY ELEMENTS (KOHA)
Koha item type
Existencias
Withdrawn status Lost status Damaged status Not for loan Home library Current library Shelving location Date acquired Total checkouts Full call number Barcode Date last seen Price effective from Koha item type
        Biblioteca Prof. Eusebio Cleto del Rey Biblioteca Prof. Eusebio Cleto del Rey   07/04/2026   330.43 J65/84 L127358 07/04/2026 07/04/2026 Libro